5 knights of Hallownest (Hollow Knight) - Statistics

General Stats
  • This quiz has been taken 58 times
  • The average score is 4 of 5
Answer Stats
Answer % Correct
Ogrim
96%
Isma
85%
Hegemol
83%
Dryya
69%
Ze'mer
67%
No matching quizzes found
Score Distribution
Percent of People with Each Score
Percentile by Number Answered
Your Score History
You have not taken this quiz